Marques d'eau minérale - Mort Subite #2 - Statistiques

Statistiques générales
  • Ce quiz a été pris 105 fois
  • Le résultat moyen est 3 sur 16
Answers on the Grid
Answers color-coded by a green-red scale on the quiz's grid according to % correct below.
Nestlé
Aqua Vital
Aqua Pura
Céleste
Crystal
Isabelle
Glaceau
Icelandic
La Vie de Luc
LifeWTR
Mont-Dore
Matouba
Perla
San Benedetto
Saint-Antonin
3 Springs
Cameron Waters
909
Délicioz'Eau
AquaPrima
Mont Erebus
Eau Livier
Leffe
Oasis
 
Statistiques - réponses
Réponse % Correct
Nestlé
56%
Aqua Pura
33%
Mont-Dore
33%
San Benedetto
29%
Aqua Vital
28%
Crystal
28%
Saint-Antonin
27%
Céleste
15%
3 Springs
14%
Icelandic
14%
La Vie de Luc
13%
Perla
13%
Glaceau
8%
Isabelle
4%
LifeWTR
4%
Matouba
4%
Aucun quiz correspondant
Distribution des résultats
% des personnes avec chaque résultat
Percentile par nombre de réponses
Votre historique - résultats
Vous n’avez pas pris ce quiz